00234nam a2200109Ia 4500100001900000654001600019245002700035260002900062082001300091300000800104546001200112 aPujari/Arun K  adata mining aData mining techniques bUniversities Pressc2001 a4.6bPUJ a288 aENGLISH